Normal view
MARC view
- Infante Gonzáles, Indalfer
Entry Nombre Personal
001 - NUMERO DE CONTROL
- campo de control: 52272
003 - IDENTIFICADOR DE NUMERO DE CONTROL
- campo de control: MX-MxUPN
005 - FECHA Y HORA DE LA ÜLTIMA TRANSACCIÓN
- campo de control: 20240610131042.0
008 - DATOS DE LONGITUD FIJA
- campo de control de longitud fija: 240610nn acnnnaabn a aaa d
040 ## - FUENTE DE CATALOGACIÓN
- Agencia original de catalogación: MX-MxUPN
- Lenguaje de catalogación: spa
100 1# - ENCABEZAMIENTO - NOMBRE PERSONAL
- Nombre personal: Infante Gonzáles, Indalfer
400 1# - VEÁSE - NOMBRE DE PERSONA
- Personal name: González, Indalfer Infante
670 ## - FUENTE EN LA QUE SE LOCALIZARON DATOS
- Cita de la fuente: El precedente judicial electoral en México, 2023 :
- Información localizada: portada (Indalfer Infante Gonzáles)
902 ## - CATALOGADOR
- Catalogador: VíctorGodínez/100624
